Wheater's Functional Histology : (Record no. 76)

MARC details
000 -LEADER
fixed length control field 00844cam a2200277 a 4500
001 - CONTROL NUMBER
control field 14480916
003 - CONTROL NUMBER IDENTIFIER
control field OSt
005 - DATE AND TIME OF LATEST TRANSACTION
control field 20180305145929.0
008 - FIXED-LENGTH DATA ELEMENTS--GENERAL INFORMATION
fixed length control field 060804s2006 stka 001 0 eng
010 ## - LIBRARY OF CONGRESS CONTROL NUMBER
LC control number 2006280114
020 ## - INTERNATIONAL STANDARD BOOK NUMBER
International Standard Book Number 9780443068508
020 ## - INTERNATIONAL STANDARD BOOK NUMBER
International Standard Book Number 044306850X
040 ## - CATALOGING SOURCE
Original cataloging agency DLC
Transcribing agency DLC
Modifying agency DLC
050 00 - LIBRARY OF CONGRESS CALL NUMBER
Classification number QM551
Item number .W47 2006
082 00 - DEWEY DECIMAL CLASSIFICATION NUMBER
Classification number QS 517 W56b 2006
100 ## - MAIN ENTRY--PERSONAL NAME
Personal name Barbara, Young;[et..al]
9 (RLIN) 12511
245 00 - TITLE STATEMENT
Title Wheater's Functional Histology :
Remainder of title a text and colour atlas.
250 ## - EDITION STATEMENT
Edition statement 5th ed.
260 ## - PUBLICATION, DISTRIBUTION, ETC. (IMPRINT)
Place of publication, distribution, etc. Edinburgh;
Name of publisher, distributor, etc. Churchill Livingstone,
Date of publication, distribution, etc. 2006.
300 ## - PHYSICAL DESCRIPTION
Extent x, 437 p. :
Other physical details col. ill. ;
Dimensions 30 cm.
504 ## - BIBLIOGRAPHY, ETC. NOTE
Bibliography, etc Includes index.
650 #0 - SUBJECT ADDED ENTRY--TOPICAL TERM
Topical term or geographic name as entry element Histology.
9 (RLIN) 194
856 41 - ELECTRONIC LOCATION AND ACCESS
Materials specified Table of contents only
Uniform Resource Identifier <a href="http://www.loc.gov/catdir/toc/fy0614/2006280114.html">http://www.loc.gov/catdir/toc/fy0614/2006280114.html</a>
906 ## - LOCAL DATA ELEMENT F, LDF (RLIN)
a 7
b cbc
c origcop
d 2
e ncip
f 20
g y-gencatlg
942 ## - ADDED ENTRY ELEMENTS (KOHA)
Source of classification or shelving scheme Other/Generic Classification Scheme
Koha item type Open Shelf
Holdings
Withdrawn status Lost status Source of classification or shelving scheme Damaged status Not for loan Home library Current library Date acquired Source of acquisition Inventory number Total Checkouts Full call number Barcode Date last seen Koha item type
    Other/Generic Classification Scheme     MUST Main Library MUST Main Library 01/07/2014 Purchase 13/37136   QS517 W56b 2006 2014-0093 01/07/2014 Open Shelf
    Other/Generic Classification Scheme     MUST Main Library MUST Main Library 17/07/2014 Purchased 06/27644   QS 517 W56b 2006 2014-1005 17/07/2014 Open Shelf
    Other/Generic Classification Scheme     MUST Main Library MUST Main Library 18/09/2014 Donation 12/36036   QS517 W56b 2006 2014-2841 18/09/2014 Short Loan
    Other/Generic Classification Scheme     MUST Main Library MUST Main Library 18/09/2014 Donation 11/35330   QS517 W56b 2006 2014-2842 18/09/2014 Short Loan